[Event "Floripa Chess Open 2024"]
[Site "Florianopolis"]
[Date "2024.01.21"]
[Round "2.79"]
[White "Franca Junior, Jairo"]
[Black "Zacarias, Rodrigo Medeiros"]
[Result "0-1"]
[WhiteElo "1753"]
[BlackElo "2058"]
[PlyCount "76"]
[EventDate "2024.01.20"]
[EventRounds "10"]
[EventCountry "BRA"]

1. e4 c5 2. Nf3 Nc6 3. Bc4 e6 4. c3 Nge7 5. O-O d5 6. exd5 Nxd5 7. d4 Nb6 8.
Bb5 Bd7 9. Be3 $146 ({RR} 9. Re1 cxd4 10. Nxd4 Nxd4 11. Bxd7+ Qxd7 12. Qxd4
Qxd4 13. cxd4 Bb4 14. Bd2 Bxd2 15. Nxd2 Ke7 16. b3 Rhd8 17. Nf3 Rac8 18. Rac1
Nd5 19. Rc4 b5 20. Rc5 Rxc5 21. dxc5 Nb4 22. Ra1 {1/2-1/2 (22) Rahn,M (1181)
-Staloch,S (1593) Florianopolis BRA 2021}) ({RR} 9. Re1 cxd4 10. Nxd4 Nxd4 11.
Bxd7+ Qxd7 12. Qxd4 Qxd4 13. cxd4 Bb4 14. Bd2 Bxd2 15. Nxd2 Ke7 16. b3 Rhd8 17.
Nf3 Rac8 18. Rac1 Nd5 19. Rc4 b5 20. Rc5 Rxc5 21. dxc5 Nb4 22. Ra1 {1/2-1/2  
(22) Rahn,M (1181)-Staloch,S (1593) Florianopolis BRA 2021}) 9... cxd4 10. Nxd4
Nd5 11. Nd2 Nxe3 12. fxe3 Bd6 13. Qh5 O-O 14. Ne4 Be7 15. Bd3 g6 16. Qe2 f5 17.
Nd2 Ne5 18. Bc2 Bg5 19. N2f3 Nxf3+ 20. Qxf3 Qb6 21. Bb3 Kh8 22. Qg3 Bf6 23. Kh1
e5 24. Nf3 Rae8 25. Ng1 h6 26. Nf3 Kg7 27. Rad1 Bc6 28. Rfe1 a5 29. Nh4 Bg5 30.
Nf3 f4 31. Qg4 fxe3 32. Nxg5 hxg5 33. Bd5 Rd8 34. Qe4 e2 35. Qxe5+ Kh6 36. Qxe2
Rxd5 37. Rxd5 Bxd5 38. Qd2 Qf2 0-1

[Event "Floripa Chess Open 2024"]
[Site "Florianopolis"]
[Date "2024.01.21"]
[Round "2.80"]
[White "Cordeiro, Marco Aurelio Zaror"]
[Black "Lunelli, Neuri Antonio"]
[Result "1-0"]
[WhiteElo "2057"]
[BlackElo "1744"]
[PlyCount "71"]
[EventDate "2024.01.20"]
[EventRounds "10"]
[EventCountry "BRA"]

1. c4 Nf6 2. Nc3 g6 3. d4 Bg7 4. e4 d6 5. Nf3 O-O 6. h3 c6 7. Be3 Qc7 8. Qd2 ({
RR} 8. Bd3 e5 9. O-O exd4 10. Bxd4 Be6 11. Re1 Nbd7 12. Ng5 Ne5 13. Nxe6 fxe6
14. c5 dxc5 15. Bxe5 Qxe5 16. a4 Nh5 17. Qb3 Nf4 18. Bf1 Qg5 19. Ne2 Be5 20. g3
Nxe2+ 21. Rxe2 Qe7 22. f4 Bd4+ {Parligras,M (2567)-Goroshkov,M (2261) chess.
com INT 2022 0-1 (42)}) 8... Re8 ({RR} 8... Nbd7 9. Bh6 e5 10. Bxg7 Kxg7 11.
Be2 Re8 12. O-O exd4 13. Qxd4 Qb6 14. Qxb6 axb6 15. Nd2 Nc5 16. f3 Nh5 17. Rfd1
Ng3 18. Bf1 Nxf1 19. Nxf1 Be6 20. Ne3 Rad8 21. b3 f5 22. exf5 Bc8 23. Kf2 {
Kollari,S (2118)-Pitzl,K (1957) Struga MKD 2023 1-0 (41)}) 9. O-O-O $146 ({RR} 
9. Bd3 e5 10. d5 Nbd7 11. O-O Nc5 {1/2-1/2 (11) Parramon Arimany,M (1924)
-Teulats Pladevall,L (2103) Vic 2011}) ({RR} 9. Bd3 e5 10. d5 c5 11. O-O Bd7
12. Ne1 Nh5 13. Be2 Nf6 14. Nc2 a6 15. a3 Qc8 16. Kh2 h5 17. Bd3 b5 18. b3 Nh7
19. cxb5 f5 20. f3 f4 21. Bf2 a5 22. a4 Qd8 23. Na3 Bf6 {Gono,M (1854)
-Hlubovic,M (1644) Slovakia 2009 1-0 (55)}) 9... a6 10. Kb1 b5 11. Bd3 Nbd7 12.
c5 a5 13. Qc2 a4 14. cxd6 Qa5 15. e5 exd6 16. exf6 Nxf6 17. Bg5 b4 18. Bxf6
Bxf6 19. Ne4 Be7 20. Qxc6 Be6 21. Qb5 b3 22. Qxa5 bxa2+ 23. Ka1 Rxa5 24. Nc3
Bb3 25. Rd2 Rb8 26. Nxa2 a3 27. bxa3 d5 28. Ne5 Rb6 29. Rb1 Rxa3 30. Rdb2 f6
31. Nf3 Rb4 32. Bc2 Bxc2 33. Rxc2 Rba4 34. Rb7 Kf7 35. Re2 Kf8 36. Rbxe7 1-0

[Event "Floripa Chess Open 2024"]
[Site "Florianopolis"]
[Date "2024.01.21"]
[Round "2.81"]
[White "Silver, Fernanda Luise"]
[Black "Moura, Eduardo Eugenio Cha"]
[Result "1/2-1/2"]
[WhiteElo "1749"]
[BlackElo "2055"]
[PlyCount "63"]
[EventDate "2024.01.20"]
[EventRounds "10"]
[EventCountry "BRA"]

1. e4 c5 2. Nf3 e6 3. d4 cxd4 4. Nxd4 Nf6 5. Bd3 Nc6 6. c3 e5 7. Nf5 d5 8. exd5
Qxd5 9. Ne3 Qd8 10. Qc2 $146 ({RR} 10. O-O e4 11. Bb5 Be6 12. Qxd8+ Rxd8 13.
Nd2 Bd6 14. Ba4 Bf4 15. Re1 O-O 16. Bc2 Bxe3 17. Rxe3 Rfe8 18. Bxe4 Nxe4 19.
Rxe4 f5 20. Re1 Bxa2 21. Rxe8+ Rxe8 22. Kf1 Bd5 23. b3 Ne5 24. c4 Nd3 {Mueller,
P (1935)-Ksieski,Z (2399) Greifswald 2003 0-1 (78)}) ({RR} 10. O-O Bc5 11. b4
Bb6 12. a4 e4 13. Bb5 O-O 14. Nc4 Bg4 15. Qxd8 Bxd8 16. Bxc6 bxc6 17. Ne5 Rc8
18. Be3 a6 19. Nd2 Bc7 20. Nxc6 Bxh2+ 21. Kxh2 Rxc6 22. Bd4 Be2 23. Rfe1 Bd3
24. Nb3 Ng4+ {Pohl,W (2198)-Krebs,A (1843) Wuerttemberg 2007 1-0 (51)}) 10...
Be7 11. O-O O-O 12. Nd2 Be6 13. Ne4 Nxe4 14. Bxe4 g6 15. Rd1 Qc8 16. Nd5 Bd8
17. Qe2 Re8 18. Bh6 f6 19. Bc2 Kf7 20. h4 Nd4 21. cxd4 Bxd5 22. h5 e4 23. Rdc1
Qf5 24. Ba4 Bb6 25. Bxe8+ Rxe8 26. Rc3 g5 27. Rac1 Qe6 28. a3 Bc6 29. Rd1 Rd8
30. Qc4 Qxc4 31. Rxc4 Bd5 32. Rc3 1/2-1/2

[Event "Floripa Chess Open 2024"]
[Site "Florianopolis"]
[Date "2024.01.21"]
[Round "2.82"]
[White "Bastos Seixas, Pedro Lucas"]
[Black "Predebon, Eduardo Angonesi"]
[Result "1-0"]
[WhiteElo "2049"]
[BlackElo "1742"]
[PlyCount "61"]
[EventDate "2024.01.20"]
[EventRounds "10"]
[EventCountry "BRA"]

1. e4 c5 2. Nf3 d6 3. d4 cxd4 4. Nxd4 Nf6 5. Nc3 a6 6. Bg5 e6 7. f4 Be7 8. Qf3
Qc7 9. g4 ({RR} 9. Qg3 h6 10. Bh4 g5 11. fxg5 Rg8 12. Nf3 Nh7 13. g6 Rxg6 14.
Qf4 Ng5 15. O-O-O Nc6 16. Nd2 b5 17. Bf2 Ne5 18. a3 Nh3 19. gxh3 Bg5 20. Qg3
Bxd2+ 21. Rxd2 Rxg3 22. Bxg3 Bd7 23. Be2 Qc5 {Ibragimov,B (2385)-Gashimov,V  
(2426) Baku 2000 0-1 (43)}) 9... h6 ({RR} 9... b5 10. a3 Bb7 11. O-O-O Nbd7 12.
Bg2 Rc8 13. Kb1 Nb6 14. Bf1 h6 15. Bh4 d5 16. Bxf6 dxe4 17. Nxe4 gxf6 18. Bd3
f5 19. gxf5 exf5 20. Nxf5 Nc4 21. Bxc4 Bxe4 22. Qxe4 bxc4 23. Rhe1 {1-0 (23)
Arakelyan,N (1468)-Kandarevich,N (1217) Minsk BLR 2023}) 10. Bxf6 Bxf6 11.
O-O-O b5 $146 ({RR} 11... Nd7 12. Bh3 Rb8 13. Rhg1 g5 14. f5 Ne5 15. Qf2 O-O
16. Nce2 Qa5 17. Nb3 Qa4 18. Ng3 Nc4 19. Nh5 Bxb2+ 20. Kb1 Be5 21. Bf1 Qa3 22.
c3 b5 23. Rc1 Bb7 24. Bd3 Ba8 25. h4 a5 26. hxg5 {Li,W (1736)-Holdo,K (1761)
Auckland 2011 0-1 (34)}) 12. Bxb5+ Nd7 13. Ba4 Bb7 14. h4 Rc8 15. g5 hxg5 16.
hxg5 Rxh1 17. Qxh1 Bxd4 18. Rxd4 Qc5 19. Qh8+ Ke7 20. Qxg7 Ne5 21. Qf6+ Kf8 22.
Rd1 Qe3+ 23. Kb1 Ng4 24. Qh8+ Ke7 25. Qh4 Qf3 26. Rg1 Rxc3 27. bxc3 Qxe4 28.
g6+ Nf6 29. g7 Qxa4 30. g8=Q Bd5 31. Qxf6+ 1-0

[Event "Floripa Chess Open 2024"]
[Site "Florianopolis"]
[Date "2024.01.21"]
[Round "2.83"]
[White "Lima, Vinicius Taishun"]
[Black "Moreira, Iloyziel Joao Da Si"]
[Result "1-0"]
[WhiteElo "2047"]
[BlackElo "1737"]
[PlyCount "57"]
[EventDate "2024.01.20"]
[EventRounds "10"]
[EventCountry "BRA"]

1. e4 c5 2. Nf3 d6 3. d4 cxd4 4. Nxd4 Nf6 5. Nc3 g6 6. Be3 Bg7 7. f3 O-O 8. Qd2
Nc6 9. Bc4 Bd7 10. O-O-O Rb8 11. Bb3 Na5 12. Kb1 b5 13. g4 Nc4 14. Bxc4 bxc4
15. Ka1 Re8 ({RR} 15... Qa5 16. Nd5 Qd8 17. Bh6 Nxd5 18. exd5 c3 19. bxc3 Bxh6
20. Qxh6 Qa5 21. Qe3 Rfc8 22. Rd3 Bb5 23. Nb3 Qa3 24. Rd4 a5 25. Re1 a4 26. Qc1
Qxc1+ 27. Nxc1 Rxc3 28. Rb4 Rxc2 29. Ne2 Rd2 30. Nc3 {Socko,B (2599)-Mamedov,R
(2657) Berlin 2015 1-0 (67)}) ({RR} 15... Qb6 16. Qc1 Qa5 17. Bh6 Rb6 18. Bxg7
Kxg7 19. Qd2 Rfb8 20. g5 Ng8 21. Rb1 e5 22. Nde2 Ne7 23. h4 Nc6 24. h5 Nb4 25.
a3 Ba4 26. Rhc1 Ra6 27. h6+ Kf8 28. Na2 Nxa2 29. Qxa5 Rxa5 30. Kxa2 {Campelo,L
(2125)-De Souza,F (1943) Florianopolis BRA 2023 1-0 (49)}) 16. h4 Qa5 17. h5
Rb7 $146 ({RR} 17... Rb6 18. Nde2 Ra6 19. h6 Bh8 20. g5 Nh5 21. Bd4 e5 22. Be3
Rb8 23. Qe1 Nf4 24. Bc1 Be6 25. a3 {1/2-1/2 (25) Stellwagen,D (2621)
-Reinderman,D (2526) Hilversum 2008}) 18. Nde2 Bxg4 19. e5 Bxf3 20. hxg6 fxg6
21. exf6 Bxf6 22. Bd4 Qb4 23. b3 e5 24. Be3 e4 25. Qd5+ Kg7 26. Bd4 Bxh1 27.
Bxf6+ Kxf6 28. Qd4+ Re5 29. Nd5+ 1-0

[Event "Floripa Chess Open 2024"]
[Site "Florianopolis"]
[Date "2024.01.21"]
[Round "2.84"]
[White "Silva, Juliana Figueira Th"]
[Black "Mariani, Daniel Brandao"]
[Result "1/2-1/2"]
[WhiteElo "1747"]
[BlackElo "2040"]
[PlyCount "46"]
[EventDate "2024.01.20"]
[EventRounds "10"]
[EventCountry "BRA"]

1. d4 {Gurevich,M} d5 2. c4 c6 3. Nf3 Nf6 4. e3 a6 5. Bd3 b5 ({RR} 5... Bg4 6.
Nbd2 e6 7. O-O Nbd7 8. b3 Bd6 9. h3 ({RR} 9. Bb2 Bf5 10. Qc2 Bxd3 11. Qxd3 O-O
12. c5 Bc7 13. b4 Qe7 14. Rae1 Rad8 15. Qc3 Rfe8 16. Ne5 Nxe5 17. dxe5 Nd7 18.
f4 a5 19. a3 axb4 20. axb4 b6 21. Nb3 bxc5 22. bxc5 Ra8 23. Ra1 f6) 9... Bf5
10. Qc2 Bxd3 11. Qxd3 O-O 12. Bb2 ({RR} 12. e4 dxc4 13. Nxc4 ({RR} 13. bxc4)
13... Nc5 14. Qc2 Ncxe4 15. Re1) 12... Qe7 13. Rfd1 Ba3 14. Bxa3 Qxa3 15. Nb1
Qe7) 6. b3 Bg4 7. O-O ({RR} 7. Nbd2 e6 ({RR} 7... Qa5) 8. Qc2 Nbd7 9. Bb2 Bh5
10. O-O Be7 11. Rac1 Bg6 12. e4 ({RR} 12. Bxg6 hxg6 13. Ne5 Nxe5 14. dxe5 Nd7
15. cxd5 cxd5 16. e4) 12... bxc4 ({RR} 12... dxe4 13. Nxe4 Nxe4 14. Bxe4 O-O
15. Rfd1 Bg5 16. Ra1 Bf6 17. Ne5) 13. bxc4 dxe4 14. Nxe4 Nxe4 ({RR} 14... O-O
15. Nxf6+ Nxf6 16. Ne5) 15. Bxe4 O-O 16. Bxg6 hxg6 17. Rfd1 Qc7 18. Bc3 Rab8
19. Qd2 ({RR} 19. d5 cxd5 20. cxd5 exd5 21. Qd2 Qd6) 19... Rb7 20. d5 Ba3 ({RR
} 20... cxd5 21. cxd5 Qd6 22. dxe6 Qxe6 23. Re1 Qd6 24. Qe2) 21. Rc2 ({RR} 21.
dxe6 Bxc1 22. Qxd7 Bf4 ({RR} 22... Qxd7 23. exd7) 23. g3 Qxd7 24. exd7 Bc7 25.
Nd4) 21... cxd5 {Gurevich,M (2656)-Beim,V (2518) Germany 2003 CBM 099  
[Gurevich,M] 1-0 (46)} ({RR} 21... Qd6 22. dxe6 Qxe6 23. Bxg7 Kxg7 24. Qc3+))
7... Nbd7 8. Ba3 $146 ({RR} 8. Nbd2 e6 9. e4 Be7 10. e5 Nh5 11. Re1 Nf4 12. Bc2
Bb4 13. Re3 f5 14. Qf1 O-O 15. h3 Bh5 16. c5 Ng6 17. a3 f4 18. Rd3 Ba5 19. b4
Bc7 20. a4 Qe7 21. Rda3 Rac8 22. axb5 axb5 {Mester,G (2420)-Farago,S (2282)
Hungary 2006 1-0 (75)}) ({RR} 8. Nc3 e5 9. Be2 Bxf3 10. Bxf3 e4 11. Be2 Bd6 12.
f3 Qc7 13. f4 h5 14. Bd2 g5 15. c5 Be7 16. fxg5 Ng4 17. Bxg4 hxg4 18. g3 Bxg5
19. Qxg4 Rg8 20. Qe2 Rg7 21. b4 Ke7 22. a4 Rh8 {Principe,G (2226)-Wu,S (2082)
chess.com INT 2023 1-0 (35)}) ({RR} 8. h3 Bh5 9. Be2 e6 10. Bb2 Qb8 11. cxd5
cxd5 12. Nbd2 Bd6 13. Rc1 O-O 14. Qc2 Nb6 15. Bd3 Rc8 16. Qb1 Bg6 17. Bxg6 hxg6
18. Rxc8+ Qxc8 19. Rc1 Qe8 20. Ne1 a5 21. Nd3 a4 22. Bc3 axb3 {Igambergenov,A 
(2131)-Gusarov,G (2349) Izhevsk 2009 1/2-1/2 (39)}) 8... e6 9. Bxf8 Nxf8 10.
Nbd2 Ng6 11. Qc2 Bxf3 12. Nxf3 O-O 13. Rad1 Qe7 14. Rfe1 Rac8 15. Qe2 Rfd8 16.
Ra1 Qa7 17. a4 bxc4 18. bxc4 a5 19. c5 Rb8 20. Rab1 Rxb1 21. Rxb1 Rb8 22. Qc2
Nd7 23. h4 e5 1/2-1/2

[Event "Floripa Chess Open 2024"]
[Site "Florianopolis"]
[Date "2024.01.21"]
[Round "2.85"]
[White "De Carli Filho, Carlos"]
[Black "Panazzolo, Paulo Victor"]
[Result "1-0"]
[WhiteElo "2038"]
[BlackElo "1730"]
[PlyCount "103"]
[EventDate "2024.01.20"]
[EventRounds "10"]
[EventCountry "BRA"]

1. c4 f5 2. g3 Nf6 3. Bg2 g6 4. Nf3 Bg7 5. O-O O-O 6. d4 d6 7. Nc3 c6 8. Qb3
Qc7 ({RR} 8... Qb6 9. Rd1 Na6 10. Bf4 Re8 11. Qa3 h6 12. d5 Bd7 13. Be3 Qb4 14.
Qxb4 Nxb4 15. Rac1 cxd5 16. cxd5 Ne4 17. Bd4 Nxc3 18. bxc3 Nxa2 19. Ra1 Nxc3
20. Bxg7 Kxg7 21. Rd2 Ne4 22. Rb2 b5 23. Nd4 {Nielsen,P (2654)-Ringoir,T (2506)
Dubai 2014 1/2-1/2 (73)}) 9. c5+ ({RR} 9. Bf4 Kh8 10. c5 Nh5 11. Ng5 Nxf4 12.
Nf7+ Rxf7 13. Qxf7 Ne6 14. d5 Nf8 15. Rad1 Qd7 16. dxc6 bxc6 17. Nd5 e5 18. Ne7
Qe6 19. Qxe6 Bxe6 20. Rxd6 e4 21. f3 Be5 22. Rd8 Kg7 23. Nxc6 Bc7 {Li,E (2231)
-Yi,R (2083) Toronto CAN 2019 1-0 (59)}) 9... d5 10. Bf4 Qd8 11. e3 $146 ({RR} 
11. Ne5 e6 12. Nd3 Nbd7 13. Bd6 Rf7 14. Nf4 Qe8 15. e4 fxe4 16. Bh3 Nf8 17. f3
g5 18. Nfe2 exf3 19. Rxf3 g4 20. Rxf6 Bxf6 21. Bxg4 e5 22. Bh5 Ng6 23. dxe5
Bxe5 24. Nf4 Bf5 25. Bxe5 Qxe5 {Rshaid,G-Erbe,J Martinez Valle 1993 0-1 (40)})
({RR} 11. Be5 Nbd7 12. Rad1 Nxe5 13. dxe5 Nd7 14. Nxd5 cxd5 15. Qxd5+ e6 16.
Qxe6+ Kh8 17. Qd6 Qe8 18. e6 Nf6 19. Ng5 h6 20. Nf7+ Kh7 21. Nd8 Ne4 22. Bxe4
fxe4 23. Qd5 Rf6 24. Qxe4 Bxe6 25. Nxe6 Rxe6 {Marta,D (1940)-Bolyai,I (1947)
Hungary 2014 1/2-1/2 (53)}) 11... Ne4 12. Be5 Bxe5 13. Nxe5 Nd2 14. Qc2 Nxf1
15. Bxf1 Nd7 16. Nxd7 Bxd7 17. f4 e6 18. Nd1 g5 19. Nf2 g4 20. Nd3 Kg7 21. Ne5
h5 22. Be2 Be8 23. h4 Qc7 24. Qa4 b6 25. Rc1 bxc5 26. Rxc5 Qb6 27. b4 Rb8 28.
a3 Rb7 29. Qc2 Kf6 30. Qc3 Rg8 31. Kf2 Rgg7 32. Ra5 Qc7 33. Ba6 Rb6 34. Nd3 Bd7
35. Nc5 Bc8 36. Bd3 Qb8 37. Na4 Rbb7 38. Nc5 Rbc7 39. Bc2 Rge7 40. e4 dxe4 41.
d5+ Kf7 42. d6 Rcd7 43. dxe7 Rxe7 44. Qh8 Qd6 45. Qh7+ Kf8 46. Qh8+ Kf7 47. Qc3
a6 48. Qe3 e5 49. Bb3+ Kg6 50. fxe5 Rxe5 51. Nb7 Bxb7 52. Rxe5 1-0

[Event "Floripa Chess Open 2024"]
[Site "Florianopolis"]
[Date "2024.01.21"]
[Round "2.86"]
[White "Gomes, Maria Eduarda Papin"]
[Black "Bortoloso, Moacir Canella"]
[Result "0-1"]
[WhiteElo "1744"]
[BlackElo "2033"]
[PlyCount "48"]
[EventDate "2024.01.20"]
[EventRounds "10"]
[EventCountry "BRA"]

1. d4 Nf6 2. c4 g6 3. Nc3 Bg7 4. e4 e6 5. f3 O-O 6. Be3 Nc6 7. Qd2 e5 8. d5
$146 ({RR} 8. Nge2 a6 9. d5 Ne7 10. g4 c6 11. dxc6 bxc6 12. Rd1 d5 13. cxd5
cxd5 14. Nxd5 Nexd5 15. exd5 e4 16. Nc3 exf3 17. h3 Re8 18. Kf2 Bxg4 19. Bd4
Bh5 20. Bc4 Rc8 21. Qd3 Nd7 22. Bxa6 Qh4+ {Tholey,J (2433)-Lambert,R (1811)
Ambes 2010 1/2-1/2 (46)}) 8... Nd4 9. Bxd4 exd4 10. Nb5 c5 11. dxc6 bxc6 12.
Nxd4 Qb6 13. Nge2 Ba6 14. Rc1 Rab8 15. b3 Rfe8 16. g3 d5 17. c5 Qc7 18. exd5
Nxd5 19. Kf2 Rbd8 20. b4 Ne3 21. Re1 Nf5 22. a4 Bxe2 23. Bxe2 Bxd4+ 24. Kg2
Ne3+ 0-1

[Event "Floripa Chess Open 2024"]
[Site "Florianopolis"]
[Date "2024.01.21"]
[Round "2.87"]
[White "Gemy, Jose Daniel"]
[Black "Hataby, Raed"]
[Result "1-0"]
[WhiteElo "2329"]
[BlackElo "1888"]
[PlyCount "45"]
[EventDate "2024.01.20"]
[EventRounds "10"]
[EventCountry "BRA"]

1. e4 d6 2. d4 Nf6 3. Nc3 g6 4. f3 c6 5. Be3 b5 6. a3 a6 7. Qd2 ({RR} 7. g4 h5
8. g5 Nfd7 9. Nge2 Nb6 10. b3 d5 11. Bg2 Bg7 12. O-O O-O 13. Qe1 a5 14. a4 b4
15. Na2 Ba6 16. Rd1 N8d7 17. Nac1 Bxe2 18. Qxe2 Qb8 19. Nd3 e6 20. Qf2 Nc8 21.
Rc1 Ne7 {Tzoumbas,A (2415)-Chabanon,J (2475) Peristeri 1994 0-1 (52)}) 7...
Nbd7 8. Nge2 Qc7 9. Ng3 e5 $146 ({RR} 9... Bb7 10. Bd3 e5 11. O-O Bg7 12. f4
Ng4 13. dxe5 Nxe3 14. Qxe3 dxe5 15. f5 Qb6 16. Qf2 Qxf2+ 17. Rxf2 Nc5 18. Rd1
Rd8 19. Be2 Rxd1+ 20. Bxd1 Bh6 21. Kf1 O-O 22. b4 Nd7 23. Nb1 Nb6 24. c3 {
Beinrucker,C-Gries,V (2097) Bad Homburg 2015 1/2-1/2 (32)}) 10. Be2 Nb6 11. O-O
Bg7 12. dxe5 dxe5 13. Bc5 Bf8 14. Bxf8 Rxf8 15. a4 b4 16. Nd1 a5 17. c3 Qd8 18.
Qe3 Nbd7 19. cxb4 Qb6 20. b5 cxb5 21. Bxb5 Ke7 22. Re1 Bb7 23. Qxb6 1-0

[Event "Floripa Chess Open 2024"]
[Site "Florianopolis"]
[Date "2024.01.21"]
[Round "2.88"]
[White "Dauer, Andre Leonardo"]
[Black "Farias, Robson Da Costa"]
[Result "0-1"]
[WhiteElo "2032"]
[BlackElo "1721"]
[PlyCount "36"]
[EventDate "2024.01.20"]
[EventRounds "10"]
[EventCountry "BRA"]

1. e4 c5 2. Nf3 e6 3. b3 Nc6 4. Bb2 d6 5. d4 cxd4 6. Nxd4 Nf6 7. Nxc6 bxc6 8.
e5 Nd5 ({RR} 8... dxe5 9. Qxd8+ Kxd8 10. Bxe5 Bc5 11. Be2 Ke7 12. Bf3 Bd7 13.
Nd2 Rhd8 14. Bb2 Be8 15. Ke2 Kf8 16. Rhd1 Nd5 17. Ne4 Be7 18. c4 Nb6 19. Be5 f6
20. Bc7 Rxd1 21. Rxd1 Rc8 22. Bd6 c5 23. Bxe7+ {Illescas Cordoba,M (2617)
-Cacho Reigadas,S (2511) Linares 2014 1/2-1/2 (60)}) ({RR} 8... dxe5 9. Qxd8+
Kxd8 10. Bxe5 Nd7 11. Bc3 e5 12. Nd2 Bd6 13. O-O-O Ke7 14. Nc4 Bc7 15. f4 e4
16. Bxg7 Bxf4+ 17. Kb1 Rg8 18. Bb2 c5 19. g3 Bc7 20. Bh3 Nb6 21. Bxc8 Raxc8 22.
Ne3 Ke6 23. Rhf1 {Reprintsev,A (2234)-Andreev,K (2224) chess.com INT 2024 0-1 
(57)}) 9. c4 Qa5+ 10. Nd2 $146 ({RR} 10. Qd2 Qxd2+ 11. Kxd2 Nb4 12. a3 Na6 13.
exd6 f6 14. Be2 Bxd6 15. Bf3 Bd7 16. Kc2 O-O-O 17. Nc3 Be8 18. b4 Be5 19. Rad1
Bg6+ 20. Ne4 Bc7 21. Kb3 h6 22. Bd4 Bb6 23. c5 Bc7 24. Be3 Bxe4 {Bivol,A (2171)
-Kostrikina,A (2079) St Petersburg 2011 1-0 (44)}) ({RR} 10. Qd2 Qxd2+ 11. Kxd2
Ne7 12. exd6 Nf5 13. c5 Rg8 14. Na3 g6 15. Nc4 Bg7 16. Bxg7 Rxg7 17. g4 Nh6 18.
g5 Nf5 19. Bg2 Bd7 20. Ne5 Rc8 21. Kc3 Rg8 22. b4 Rf8 23. b5 cxb5 24. c6 Nxd6 {
Hosking,I-Mc Cart,R Australia 1995 1-0}) 10... Nc3 11. Bxc3 Qxc3 12. exd6 Bxd6
13. Qc1 Qd4 14. Nf3 Bb4+ 15. Ke2 Qe4+ 16. Kd1 O-O 17. Qc2 Rd8+ 18. Kc1 Ba3+ 0-1

[Event "Floripa Chess Open 2024"]
[Site "Florianopolis"]
[Date "2024.01.21"]
[Round "2.89"]
[White "Kayser, Gustavo Warmling"]
[Black "Dias, Clara"]
[Result "1/2-1/2"]
[WhiteElo "2029"]
[BlackElo "1717"]
[PlyCount "86"]
[EventDate "2024.01.20"]
[EventRounds "10"]
[EventCountry "BRA"]

1. e4 c5 2. Nf3 d6 3. d4 cxd4 4. Nxd4 Nf6 5. Nc3 a6 6. h3 e5 7. Nde2 h5 8. g3
Be6 9. Bg2 b5 10. O-O Nbd7 11. Be3 Be7 12. Qd2 ({RR} 12. Nd5 Nxd5 13. exd5 Bf5
14. f4 Rc8 15. c3 Bh7 16. Qe1 O-O 17. Rd1 h4 18. g4 exf4 19. Nxf4 Bg5 20. Bd4
Re8 21. Qf2 Ne5 22. Rde1 Qd7 23. Be4 Bxe4 24. Rxe4 Qb7 25. a3 Rc7 26. Bxe5 dxe5
{Karjakin,S (2781)-Vachier Lagrave,M (2796) Paris 2017 0-1 (53)}) 12... Rc8 ({
RR} 12... Nb6 13. Bxb6 Qxb6 14. Nd5 Bxd5 15. exd5 Rc8 16. Nc3 b4 17. Ne4 Nxe4
18. Bxe4 g6 19. c3 bxc3 20. bxc3 Qc5 21. Rac1 f5 22. Bb1 Kf7 23. Kg2 Bf6 24. f3
Rb8 25. g4 Rb6 26. gxf5 gxf5 27. Bxf5 {Florianovitz,D (2068)-Bychkov,V (2211)
chess.com INT 2023 1-0 (35)}) 13. Nd5 $146 ({RR} 13. a4 b4 14. Nd5 Nxd5 15.
exd5 Bf5 16. c3 O-O 17. Rac1 bxc3 18. Rxc3 Rxc3 19. Qxc3 Qb8 20. Rc1 Qb7 21. b4
Rb8 22. Bd2 Nf6 23. Qc7 Bd3 24. Qxb7 Rxb7 25. Rc8+ Kh7 26. Nc1 Be4 27. Rc6 Bxg2
{Kalogridakis,G (2058)-Georgiadis,I (2449) Rethymno 2013 0-1 (53)}) ({RR} 13.
b3 Qc7 14. Rac1 Nc5 15. a3 Qd7 16. Kh2 Qb7 17. Bxc5 Rxc5 18. Rfd1 O-O 19. f4
Rfc8 20. Nd5 Bxd5 21. exd5 e4 22. Qe3 Bf8 23. c3 Qa8 24. Rd4 Re8 25. c4 Qa7 26.
Bxe4 Rc7 27. Nc3 Nxe4 {Nemsadze,D (2010)-George Micheal,K (2108) Mamaia ROU
2022 1-0 (64)}) 13... Nxd5 14. exd5 Bf5 15. Rac1 Nf6 16. b3 Qd7 17. h4 Ng4 18.
c4 bxc4 19. bxc4 O-O 20. Rfd1 Nxe3 21. Qxe3 Rc5 22. Qb3 Qc7 23. Bf1 Rb8 24. Qf3
g6 25. Rc3 Bf8 26. Ra3 Qc8 27. Qe3 Kh7 28. Nc3 Bh6 29. Qe2 Rb4 30. Ne4 Bxe4 31.
Qxe4 Qb7 32. Qf3 f5 33. Rb3 e4 34. Qc3 Rxb3 35. axb3 Bg7 36. Qe3 Qb4 37. Rb1
Rc7 38. Be2 a5 39. Rf1 Bh6 40. Qd4 Bg7 41. Qe3 Bh6 42. Qd4 Bg7 43. Qe3 Bh6
1/2-1/2

[Event "Floripa Chess Open 2024"]
[Site "Florianopolis"]
[Date "2024.01.21"]
[Round "2.90"]
[White "Souza Dos Santos, Matheus Garcett"]
[Black "De Oliveira, Matheus Tavares"]
[Result "1-0"]
[WhiteElo "2024"]
[BlackElo "1612"]
[PlyCount "91"]
[EventDate "2024.01.20"]
[EventRounds "10"]
[EventCountry "BRA"]

1. e4 e5 2. Nf3 Nf6 3. Nxe5 d6 4. Nf3 Nxe4 5. Nc3 Nxc3 6. dxc3 Be7 7. Be3 Nc6
8. Bd3 Be6 ({RR} 8... O-O 9. Qe2 Be6 10. O-O-O Qd7 11. h4 Bf5 12. Rdg1 Rfe8 13.
Bxf5 Qxf5 14. g4 Qe6 15. Kb1 Ne5 16. Nd4 Qc4 17. Qd1 Qd5 18. b3 b5 19. f4 Nc6
20. Nf5 Qxd1+ 21. Rxd1 g6 22. Nxe7+ Rxe7 23. Bc1 {Yu Yangyi (2739)-Bu Xiangzhi
(2729) Hengshui CHN 2019 1/2-1/2 (69)}) 9. Qd2 Qd7 10. O-O-O h6 $146 ({RR} 
10... Bxa2 11. b3 a5 12. Kb2 a4 13. Ra1 Qg4 14. Rxa2 Qxg2 15. Qd1 Ne5 16. Nxe5
dxe5 17. Rg1 a3+ 18. Kb1 Qc6 19. Rxg7 Rd8 20. Qh5 Qd5 21. Bc4 Qd1+ 22. Qxd1
Rxd1+ 23. Bc1 Bf8 24. Bxf7+ Kd8 25. Rg3 {Maciejewski,A (1721)-Piotrowski,P  
(1927) Suwalki 2011 1/2-1/2 (43)}) ({RR} 10... Bf6 11. Kb1 O-O-O 12. Rhe1 h6
13. h3 Rhe8 14. Nd4 Nxd4 15. cxd4 Bf5 16. Qa5 Bxd3 17. Rxd3 a6 18. Rb3 d5 19.
Rd1 Re6 20. Rdd3 Rde8 21. a4 g5 22. Rdc3 Bd8 23. Qc5 Kb8 24. Qb4 Rb6 25. Qa3 {
Grapsa,G (1923)-Vafin,A (2302) chess.com INT 2023 0-1 (45)}) ({RR} 10... O-O-O
11. Kb1 Bf6 12. Nd4 Nxd4 13. Bxd4 Be5 14. a3 Kb8 15. Qe3 Bxd4 16. Qxd4 f6 17.
Be4 Bf5 18. Rhe1 {1/2-1/2 (18) Federzoni,E (1857)-Gazola,V (2033) Sao Paulo
2017}) 11. Kb1 O-O-O 12. Bb5 a6 13. Ba4 Bg4 14. Rde1 Bxf3 15. gxf3 Bf6 16. Qd5
Rhe8 17. f4 Re7 18. Rd1 Rde8 19. c4 Re4 20. c3 Kb8 21. Bc2 R4e7 22. c5 Rxe3 23.
fxe3 Rxe3 24. cxd6 cxd6 25. Bf5 Qe7 26. Qxd6+ Qxd6 27. Rxd6 Ne7 28. Bc2 Rf3 29.
Rd7 Rxf4 30. Bb3 Ng6 31. Bd5 b5 32. Rxf7 Ne7 33. Re1 g5 34. Rexe7 Bxe7 35. Rxe7
Rf1+ 36. Kc2 Rf2+ 37. Kb3 Rxh2 38. Rb7+ Kc8 39. Rg7 Kb8 40. Kb4 Rxb2+ 41. Kc5
Rf2 42. Kb6 Rf6+ 43. Bc6 Rf8 44. Kxa6 g4 45. Kb6 h5 46. Ra7 1-0

[Event "Floripa Chess Open 2024"]
[Site "Florianopolis"]
[Date "2024.01.21"]
[Round "2.91"]
[White "De Sousa, Alex Aecio"]
[Black "Fonseca, Luis Ernesto Serra"]
[Result "1/2-1/2"]
[WhiteElo "1742"]
[BlackElo "2024"]
[PlyCount "28"]
[EventDate "2024.01.20"]
[EventRounds "10"]
[EventCountry "BRA"]

1. c4 c5 2. g3 g6 3. Bg2 Bg7 4. Nc3 Nc6 5. Nf3 Nf6 6. d4 cxd4 7. Nxd4 Nxd4 8.
Qxd4 O-O 9. O-O d6 10. Qd3 Qb6 11. Be3 ({RR} 11. b3) ({RR} 11. Rb1 Bd7 12. Bg5
Bc6 13. e4 h6 14. Bxf6 Bxf6 15. Nd5 Bxd5 16. exd5 a5 17. a3 Rfc8 18. Rfc1 Rc7
19. Rc2 Qd4 20. Qxd4 Bxd4 21. Be4 Rac8 22. Rbc1 Kg7 23. Kf1 Rb8 24. Ke2 b5 25.
Kd3 Bc5 {Lim,M (1849)-Salisbury,M (2009) England 2014 1/2-1/2 (54)}) 11... Qxb2
$146 ({RR} 11... Qd8 12. Bd4 Bf5 13. e4 Bd7 14. Rfd1 Bc6 15. b4 b6 16. a4 a5
17. b5 Bb7 18. e5 dxe5 19. Bxb7 Rb8 20. Bxb6 Qxb6 21. Bc6 Ng4 22. Ne4 f5 23. c5
Qc7 24. Qc4+ Kh8 25. Ng5 Rf6 26. Rd7 {Heuser,P-Juergens,K Germany 1995 1-0}) ({
RR} 11... Qd8 12. Rfd1 Bf5 13. Qd2 Ng4 14. Bf4 Qb6 15. Rf1 Be6 16. Nd5 Bxd5 17.
Bxd5 Rfd8 18. h3 Ne5 19. Bg5 Rd7 20. b3 e6 21. Be3 Qc7 22. Bg2 Nxc4 23. bxc4
Bxa1 24. Rxa1 Qxc4 25. Rb1 Qa6 26. Rb3 {Berki,F-Kollman,L Balatonlelle 2005
1-0 (33)}) 12. Rab1 Qa3 13. Nd5 Qa4 14. Nxe7+ Kh8 1/2-1/2